[Event "Perak UTP-ch U1800"]
[Site "Perak"]
[Date "2025.06.14"]
[Round "2"]
[White "Joseph Leo, Souniyah Joe"]
[Black "Pathamanathan, Dharmin"]
[Result "0-1"]
[WhiteElo "1469"]
[BlackElo "1707"]
[PlyCount "126"]
[EventDate "2025.06.14"]
[EventType "swiss"]
[EventRounds "7"]
[EventCountry "MAS"]
[SourceTitle "CB25_2025"]
[SourceDate "2025.06.18"]
[SourceVersion "1"]
[SourceVersionDate "2025.06.18"]
[SourceQuality "1"]

1. d4 Nf6 2. c4 e6 3. Nc3 d5 4. e3 c5 5. Nf3 Nc6 6. cxd5 exd5 7. Bd3 cxd4 8. exd4 Be7 9. 0-0 0-0 10. h3 h6 11. Be3 Be6 12. Qd2 Re8 13. Rfe1 Bf8 14. Bf4 Qc8 15. Rac1 Nh5 16. Bh2 Qd8 17. Bb1 Bb4 18. Qd3 Nf6 19. Ne5 Qb6 20. Nxc6 Qxc6 21. Be5 Qc4 22. Qg3 Nh5 23. Qf3 g6 24. Ne4 dxe4 25. Rxc4 exf3 26. Rxb4 fxg2 27. Be4 Bxh3 28. Bxb7 Rad8 29. Re3 f6 30. Bc7 Rxe3 31. fxe3 Re8 32. Rb3 Re7 33. Bb8 a5 34. Kh2 a4 35. Bd5+ Kh7 36. Rc3 Ng7 37. e4 Be6 38. Bxe6 g1Q+ 39. Kxg1 Nxe6 40. d5 Nd8 41. Rc7 Rxc7 42. Bxc7 Nf7 43. b4 axb3 44. axb3 Kg8 45. b4 Kf8 46. d6 Ke8 47. Kf2 Kd7 48. Ke3 Nxd6 49. Bxd6 Kxd6 50. Kd4 h5 51. b5 h4 52. Ke3 Kc5 53. Kf4 Kxb5 54. Kg4 g5 55. Kf5 h3 56. Kxf6 h2 57. e5 h1Q 58. e6 Qh8+ 59. Kf7 g4 60. e7 g3 61. e8Q+ Qxe8+ 62. Kxe8 g2 63. Ke7 g1Q 0-1